Welcome to CU Library Online Public Access Catalogue (OPAC)

PREACHING AS COMMUNICATION (Record no. 7563)

MARC details
000 -LEADER
fixed length control field 00364nam a22001457a 4500
005 - DATE AND TIME OF LATEST TRANSACTION
control field 20250915150506.0
008 - FIXED-LENGTH DATA ELEMENTS--GENERAL INFORMATION
fixed length control field 250915b |||||||| |||| 00| 0 eng d
020 ## - INTERNATIONAL STANDARD BOOK NUMBER
International Standard Book Number 9964781741
050 ## - LIBRARY OF CONGRESS CALL NUMBER
Classification number BV4222
Item number THA
100 ## - MAIN ENTRY--PERSONAL NAME
Personal name THANGARAJ THOMAS M.
245 ## - TITLE STATEMENT
Title PREACHING AS COMMUNICATION
260 ## - PUBLICATION, DISTRIBUTION, ETC.
Place of publication, distribution, etc. ACCRA
Name of publisher, distributor, etc. ASEMPA PUBLISHERS
Date of publication, distribution, etc. c1986
300 ## - PHYSICAL DESCRIPTION
Extent 65p
942 ## - ADDED ENTRY ELEMENTS (KOHA)
Source of classification or shelving scheme Library of Congress Classification
Koha item type Books
Suppress in OPAC No
999 ## -
-- 7563
-- 7563
Holdings
Withdrawn status Lost status Source of classification or shelving scheme Damaged status Not for loan Collection Home library Current library Shelving location Date acquired Total checkouts Full call number Barcode Date last seen Copy number Price effective from Koha item type
    Library of Congress Classification     Non-fiction Undergraduate Library (Christ Temple) Undergraduate Library (Christ Temple) General stacks 09/15/2025   BV4222 THA ulct00004794 09/15/2025 1 09/15/2025 Books
© 2023-2024 Copyright: Central University Libraries. All Rights Reserved | Created by: Mahone Tech Office